<?xml version="1.0" encoding="UTF-8"?>
<record
    xmlns:xsi="http://www.w3.org/2001/XMLSchema-instance"
    xsi:schemaLocation="http://www.loc.gov/MARC21/slim http://www.loc.gov/standards/marcxml/schema/MARC21slim.xsd"
    xmlns="http://www.loc.gov/MARC21/slim">

  <leader>00533nam a22001937i 4500</leader>
  <controlfield tag="001">3667</controlfield>
  <controlfield tag="003">OSt</controlfield>
  <controlfield tag="005">20170126082321.0</controlfield>
  <controlfield tag="007">tu</controlfield>
  <controlfield tag="008">161220s1994    xxu||||| |||| 00| 0     d</controlfield>
  <datafield tag="024" ind1="7" ind2=" ">
    <subfield code="a">3666</subfield>
    <subfield code="2">RID</subfield>
  </datafield>
  <datafield tag="040" ind1=" " ind2=" ">
    <subfield code="c">OSt</subfield>
  </datafield>
  <datafield tag="100" ind1="1" ind2=" ">
    <subfield code="a">Aiginger, Karl</subfield>
  </datafield>
  <datafield tag="245" ind1="0" ind2="0">
    <subfield code="a">Product Quality, Cost Asymetry and the Welfare Loss of  Oligopoly</subfield>
  </datafield>
  <datafield tag="260" ind1=" " ind2=" ">
    <subfield code="a">Wien :</subfield>
    <subfield code="b">&#xD6;sterreichisches Institut f&#xFC;r Wirtschaftsforschung (WIFO),</subfield>
    <subfield code="c">1994.</subfield>
  </datafield>
  <datafield tag="300" ind1=" " ind2=" ">
    <subfield code="a">27 S. ;</subfield>
    <subfield code="c">30cm.</subfield>
  </datafield>
  <datafield tag="490" ind1=" " ind2=" ">
    <subfield code="a">WIFO Working Papers</subfield>
    <subfield code="v">94</subfield>
  </datafield>
  <datafield tag="700" ind1="1" ind2=" ">
    <subfield code="a">Pfaffermayr, Michael</subfield>
  </datafield>
  <datafield tag="942" ind1=" " ind2=" ">
    <subfield code="c">B</subfield>
  </datafield>
  <datafield tag="999" ind1=" " ind2=" ">
    <subfield code="c">3612</subfield>
    <subfield code="d">3612</subfield>
  </datafield>
  <datafield tag="952" ind1=" " ind2=" ">
    <subfield code="0">0</subfield>
    <subfield code="1">0</subfield>
    <subfield code="4">0</subfield>
    <subfield code="7">0</subfield>
    <subfield code="a">BIB</subfield>
    <subfield code="b">BIB</subfield>
    <subfield code="c">1</subfield>
    <subfield code="d">1997-11-03</subfield>
    <subfield code="i">3667</subfield>
    <subfield code="l">0</subfield>
    <subfield code="o">II-6.078/94</subfield>
    <subfield code="p">303665</subfield>
    <subfield code="r">2017-01-26 00:00:00</subfield>
    <subfield code="w">2017-01-26</subfield>
    <subfield code="y">B</subfield>
  </datafield>
</record>
